Statistics for Boston Red Sox 40-Man Roster 2023

Click here to take the quiz!

General Stats

  • This quiz has been taken 28 times
  • The average score is 19 of 44

Answer Stats

#PositionsPlayers% Correct
113BRafael Devers
100%
361BTriston Casas
92%
2DH, 2B, 1B, 3BJustin Turner
88%
99RF, LFAlex Verdugo
80%
66SPBrayan Bello
80%
41SPChris Sale
76%
12CConnor Wong
76%
10SS, 2BTrevor Story
76%
16CF, LF, RFJarren Duran
72%
74RPKenley Jansen
72%
7LF, RFMasataka Yoshida
72%
3CReese McGuire
68%
291B, 3B, RFBobby Dalbec
60%
37RPNick Pivetta
60%
55RPChris Martin
56%
22SPGarrett Whitlock
56%
192B, SSPablo Reyes
56%
472BEnmanuel Valdez
52%
50SPKutter Crawford
52%
89SPTanner Houck
52%
43OFCeddanne Rafaela
48%
18CFAdam Duvall
40%
52RF, CFWilyer Abreu
40%
25RPJosh Winckowski
36%
173B, SS, 2BLuis Urias
32%
30LF, 2BRob Refsnyder
32%
28RPCorey Kluber
28%
83RPBrennan Bernardino
24%
70SSDavid Hamilton
24%
65SPJames Paxton
24%
57RPJoely Rodriguez
24%
46RPJohn Schreiber
20%
43SSAdalberto Mondesi
16%
79SPBryan Mata
16%
75RPBrandon Walter
12%
78RPJoe Jacques
12%
76RPZack Kelly
12%
72RPChris Murphy
8%
63RPJustin Garza
8%
73RPNick Robertson
8%
68RPMauricio Llovera
4%
56RPZack Weiss
4%
71RPLogan Gillaspie
0%
40RPWyatt Mills
0%

Score Distribution

Percentile by Number Answered

Percent of People with Each Score

Your Score History

You have not taken this quiz